000 00558nam a2200181 i 4500
001 49124
003 ES-MaACL
005 20240104063009.0
007 t|
008 030708s1979 sp ||||1| spa d
100 0 _aCorredor-Matheos, José,
_d1929-
_940776
245 1 0 _aVida y obra de Benjamín Palencia /
_cJosé Corredor-Matheos.
260 _aMadrid :
_bEspasa-Calpe,
_c1979.
300 _a252 p., 16 lám. :
_bil. ;
_c32 cm.
600 1 4 _aPalencia, Benjamín.
_988530
852 _aES-MaACL
_jL-464
_bR.100724
999 _c49124
_d49124